[Event "GER-chT U16 Girls"]
[Site "Magdeburg"]
[Date "2023.12.29"]
[Round "5.10"]
[White "Fettan, Nua"]
[Black "Lohrmann, Flavia"]
[Result "1-0"]
[WhiteElo "1267"]
[BlackElo "1096"]
[PlyCount "63"]
[EventDate "2023.12.26"]
[EventType "team-swiss"]
[EventRounds "7"]
[EventCountry "GER"]
[SourceTitle "CB03_2024"]
[SourceDate "2024.01.17"]
[SourceVersion "1"]
[SourceVersionDate "2024.01.17"]
[SourceQuality "1"]
[WhiteTeam "Hamburger SK II"]
[BlackTeam "Freiburg Zaehringen"]
[WhiteTeamCountry "GER"]
[BlackTeamCountry "GER"]

1. e4 e5 2. Nf3 Nc6 3. d4 exd4 4. Nxd4 Nf6 5. Nc3 d5 6. Nxc6 bxc6 7. exd5 cxd5 8. Bg5 c6 9. Bd3 Bc5 10. 0-0 0-0 11. Qf3 Be7 12. Rfe1 Be6 13. h3 d4 14. Ne4 Nxe4 15. Bxe7 Qxe7 16. Qxe4 g6 17. Qxc6 Rfc8 18. Qa6 Rab8 19. Re2 Rb6 20. Qxc8+ Kg7 21. Qa8 Qg5 22. Qe4 f6 23. Qf3 Bd7 24. Re7+ Kh6 25. Rxd7 Rxb2 26. Qg3 Qh5 27. Qf4+ Qg5 28. Qxg5+ fxg5 29. Re1 Rb6 30. Ree7 g4 31. h4 Kh5 32. Rxh7# 1-0

[Event "GER-chT U16 Girls"]
[Site "Magdeburg"]
[Date "2023.12.27"]
[Round "2.10"]
[White "Bakу, Isabella"]
[Black "Lohrmann, Flavia"]
[Result "1-0"]
[WhiteElo "1399"]
[BlackElo "1096"]
[PlyCount "73"]
[EventDate "2023.12.26"]
[EventType "team-swiss"]
[EventRounds "7"]
[EventCountry "GER"]
[SourceTitle "CB03_2024"]
[SourceDate "2024.01.17"]
[SourceVersion "1"]
[SourceVersionDate "2024.01.17"]
[SourceQuality "1"]
[WhiteTeam "Stuttgart Wolfbusch"]
[BlackTeam "Freiburg Zaehringen"]
[WhiteTeamCountry "GER"]
[BlackTeamCountry "GER"]

1. e4 e5 2. Nf3 Nc6 3. Bb5 Nf6 4. 0-0 Nxe4 5. d4 Bd6 6. dxe5 Nxe5 7. Nxe5 Bxe5 8. Re1 Qh4 9. g3 Qf6 10. Rxe4 0-0 11. c3 c6 12. Bd3 d5 13. Re1 Bd7 14. Qh5 g6 15. Qxe5 Qxe5 16. Rxe5 Rad8 17. Bh6 Rfe8 18. Rxe8+ Rxe8 19. Nd2 c5 20. Nf3 c4 21. Bf1 Bg4 22. Nd4 Re5 23. Bd2 Re8 24. Re1 Rd8 25. Bg2 Kg7 26. Re5 Rd6 27. Rxd5 Ra6 28. a3 Rb6 29. Rb5 Rd6 30. Rxb7 Ra6 31. Bd5 Rf6 32. Rxa7 Rd6 33. Rxf7+ Kh8 34. Bh6 Rd8 35. Bg7+ Kg8 36. Rd7+ Be6 37. Bxe6# 1-0

[Event "GER-ch U25-C"]
[Site "Willingen"]
[Date "2023.05.31"]
[Round "5"]
[White "Fize, Aleksandrs"]
[Black "Lohrmann, Flavia"]
[Result "0-1"]
[WhiteElo "1154"]
[BlackElo "1066"]
[PlyCount "64"]
[EventDate "2023.05.27"]
[EventType "swiss"]
[EventRounds "9"]
[EventCountry "GER"]
[SourceTitle "CBM 214 Extra"]
[Source "ChessBase"]
[SourceDate "2023.07.31"]
[SourceVersion "1"]
[SourceVersionDate "2023.07.31"]
[SourceQuality "1"]

1. d4 d5 2. Nc3 Nf6 3. Bf4 c5 4. e3 cxd4 5. exd4 a6 6. Nf3 Bf5 7. Ne5 e6 8. g4 Be4 9. Nxe4 Nxe4 10. Qd3 Bd6 11. Qh3 0-0 12. f3 Ng5 13. Bxg5 Qxg5 14. Qg3 Qe3+ 15. Kd1 Qxd4+ 16. Bd3 Bxe5 17. Qh4 g6 18. Qg5 Nc6 19. h4 Bf4 20. Qxf4 Qxf4 21. Be2 Qd4+ 22. Kc1 Qe3+ 23. Kd1 Nd4 24. Re1 Rac8 25. c3 Nxe2 26. Rxe2 Qd3+ 27. Ke1 Qxf3 28. b3 Qh1+ 29. Kd2 Qxa1 30. g5 Qxc3+ 31. Kd1 Qd3+ 32. Rd2 Qf1# 0-1